Rosja A-Z - Statystyki

Ogólne statystyki
  • Ten quiz został rozwiązany 71 razy
  • Średni wynik to 19 z 23
Statystyki odpowiedzi
Wskazówka Odpowiedź % Poprawnych
C Jaki tytuł mieli władcy Imperium Rosyjskiego? Car
98%
M Stolica Rosji to: Moskwa
98%
R Waluta Rosji Rubel
98%
Z Dokończ: _______ Socjalistycznych Republik Radzieckich (była nazwa ZSRR) Związek
98%
B Najgłębsze jezioro na świecie, znajdujące się w Rosji Bajkał
97%
F Pełna nazwa państwa to: _________ Rosyjska Federacja
97%
U Pasmo górskie między Europą a Azją Ural
97%
L Jak również nazywano Petersburg? Leningrad
94%
P Jaka jest religia dominująca w tym państwie? Prawosławie
94%
N Imię Chruszczowa, byłego premiera ZSRR Nikita
91%
K Obwód, który graniczy z Polską Obwód {królewiecki}
91%
W Układ, który był między ZSRR a jego sojusznikami Układ {Warszawski}
88%
G Ostatni przywódca ZSRR Gorbaczow
86%
I Stereotypowe imię dla Rosjanina Iwan
83%
Ł Jak się nazywała radziecka marka samochodów osobowych, utworzona w 1966? Łada
80%
S Pierwsza satelita, która okrążyła Ziemie Sputnik
77%
E Jak się nazywa najwyższy szczyt Rosji, położony na Kaukazie? Elbrus
76%
O Główne miasto strefy czasowej, której UTC to +6:00 Omsk
70%
D Jak się nazywa Republika w Rosji, której nazwa oznacza górzysty kraj? Dagestan
64%
T Miasto położone nad rzeką Tom Tomsk
64%
J Jedna z największych rzek świata oraz Azji, która znajduje się w środkowej Syberii. Jenisej
50%
A Narodowe linie lotnicze Rosji Aerofłot
41%
H Co zmieniła Rosja w 2000 roku? Hymn
35%
Nie znaleziono quizów pasujących do podanych kryteriów
Rozkład punktacji
Procent ludzi z każdym wynikiem
Percentyl według liczby udzielonych odpowiedzi
Twoja historia wyników
Nie rozwiązałeś tego quizu